8 najlepszych klubów piłkarskich w każdym województwie - Statystyki

Ogólne statystyki
  • Ten quiz został rozwiązany 157 razy
    139 od ostatniego zresetowania
  • Średni wynik to 34 z 128
Statystyki odpowiedzi
Województwo Liga Klub % Poprawnych
Ekstraklasa Legia Warszawa
72%
3 Liga Śląsk 2 Wrocław
72%
Ekstraklasa Śląsk Wrocław
72%
Województwo 2 Liga Lech 2 Poznań
67%
Ekstraklasa Lech Poznań
67%
Województwo 1 Liga Wisła Kraków
64%
Dolnośląskie 2 Liga Zagłębie 2 Lubin
63%
Ekstraklasa Zagłębie Lubin
62%
Ekstraklasa Cracovia Kraków
61%
2 Liga ŁKS 2 Łódź
60%
Ekstraklasa ŁKS Łódź
60%
1 Liga Motor Lublin
60%
3 Liga Pogoń 2 Szczecin
59%
Ekstraklasa Pogoń Szczecin
59%
Województwo 1 Liga Polonia Warszawa
57%
Ekstraklasa Widzew Łódź
57%
1 Liga Wisła Płock
55%
3 Liga Jagiellonia 2 Białystok
53%
Ekstraklasa Jagiellonia Białystok
53%
3 Liga Zawisza Bydgoszcz
53%
1 Liga Arka Gdynia
52%
1 Liga Odra Opole
52%
1 Liga Miedź Legnica
51%
Świętokrzyskie 4 Liga Korona 2 Kielce
49%
Ekstraklasa Korona Kielce
49%
1 Liga Lechia Gdańsk
49%
Ekstraklasa Radomiak Radom
49%
Ekstraklasa Warta Poznań
49%
Województwo 3 Liga Elana Toruń
48%
2 Liga Hutnik Kraków
48%
Ekstraklasa Puszcza Niepołomice
48%
Ekstraklasa Raków Częstochowa
48%
1 Liga GKS Katowice
45%
Ekstraklasa Górnik Zabrze
45%
1 Liga Stal Rzeszów
45%
1 Liga Górnik Łęczna
44%
Ekstraklasa Piast Gliwice
44%
Województwo Ekstraklasa Ruch Chorzów
44%
Województwo 1 Liga Chrobry Głogów
43%
3 Liga Wieczysta Kraków
43%
3 Liga Garbarnia Kraków
41%
1 Liga GKS Tychy
39%
Małopolskie 2 Liga Sandecja Nowy Sącz
39%
1 Liga Resovia Rzeszów
38%
Śląskie 1 Liga Podbeskidzie Bielsko-Biała
37%
Ekstraklasa Stal Mielec
37%
2 Liga Stomil Olsztyn
37%
1 Liga Zagłębie Sosnowiec
37%
Mazowieckie 1 Liga Znicz Pruszków
34%
2 Liga Pogoń Siedlce
33%
1 Liga Termalica Nieciecza
33%
2 Liga Kotwica Kołobrzeg
32%
2 Liga Wisła Puławy
32%
2 Liga Olimpia Grudziądz
31%
2 Liga Chojniczanka Chojnice
29%
3 Liga Lechia Zielona Góra
28%
3 Liga GKS Bełchatów
26%
2 Liga KKS Kalisz
25%
2 Liga Olimpia Elbląg
25%
Województwo 2 Liga Stal Stalowa Wola
25%
3 Liga KSZO Ostrowiec Świętokrzyski
24%
Województwo 3 Liga Avia Świdnik
23%
Podkarpackie 3 Liga Siarka Tarnobrzeg
22%
4 Liga Wigry Suwałki
22%
3 Liga Ślęza Wrocław
21%
3 Liga Stilon Gorzów Wielkopolski
21%
Pomorskie 3 Liga Gedania Gdańsk
20%
3 Liga Chełmianka Chełm
18%
Województwo 3 Liga Warta Gorzów Wielkopolski
17%
Województwo 3 Liga ŁKS Łomża
16%
Województwo 2 Liga Radunia Stężyca
16%
4 Liga Wisła Sandomierz
16%
4 Liga Lublinianka Lublin
15%
Zachodniopomorskie 3 Liga Błękitni Stargard
14%
4 Liga Chemik Bydgoszcz
14%
3 Liga Flota Świnoujście
14%
Lubelskie 3 Liga Podlasie Biała Podlaska
14%
Województwo 3 Liga Świt Szczecin
14%
Łódzkie 3 Liga Unia Skierniewice
14%
3 Liga Wisłoka Dębica
14%
3 Liga MKS Kluczbork
13%
3 Liga Pogoń Grodzisk Mazowiecki
13%
3 Liga Warta Sieradz
13%
Województwo 3 Liga Lechia Tomaszów Mazowiecki
11%
Województwo 3 Liga Star Starachowice
11%
3 Liga Carina Gubin
10%
2 Liga KS Polkowice
10%
3 Liga Legionovia Legionowo
10%
3 Liga Orlęta Radzyń Podlaski
10%
Opolskie 4 Liga Polonia Nysa
10%
4 Liga Włocłavia Włocławek
10%
Warmińsko-Mazurskie 4 Liga Concordia Elbląg
9%
3 Liga Pelikan Łowicz
9%
3 Liga Sokół Ostróda
8%
4 Liga Wda Świecie
8%
3 Liga Olimpia Zambrów
7%
Wielkopolskie 3 Liga Polonia Środa Wielkopolska
7%
Województwo 4 Liga Stal Brzeg
7%
3 Liga Unia Solec Kujawski
7%
4 Liga KS Wasilków
6%
3 Liga KS Wiązownica
6%
Podlaskie 4 Liga Tur Bielsk Podlaski
6%
3 Liga Unia Swarzędz
6%
3 Liga KP Starogard Gdański
5%
4 Liga ŁKS Łagów
5%
3 Liga Czarni Połaniec
3%
4 Liga Kluczevia Stargard
3%
3 Liga Sokół Sieniawa
3%
3 Liga Stolem Gniewino
3%
Kujawsko-Pomorskie 4 Liga Unia janikowo
3%
3 Liga Vineta Wolin
3%
3 Liga Cartusia Kartuzy
2%
4 Liga Mamry Giżycko
2%
4 Liga Moravia Morawica
2%
Lubuskie 4 Liga Odra Bytom Odrzański
2%
4 Liga Polonia Słubice
2%
4 Liga Ruch Wysokie Mazowieckie
2%
4 Liga Ruch Zdzieszowice
2%
3 Liga Sokół Kleczew
2%
Województwo 3 Liga GKS Wikielec
1%
3 Liga Pogoń Nowe Skalmierzyce
1%
4 Liga Polonia Lidzbark Warmiński
1%
4 Liga Fortuna Głogówek
0%
3 Liga LZS Starowice Dolne
0%
4 Liga Małapanew Ozimek
0%
4 Liga Mrągowia Mrągowo
0%
4 Liga Odra Nietków
0%
4 Liga Syrena Zbąszynek
0%
Nie znaleziono quizów pasujących do podanych kryteriów
Rozkład punktacji
Procent ludzi z każdym wynikiem
Percentyl według liczby udzielonych odpowiedzi
Twoja historia wyników
Nie rozwiązałeś tego quizu od ostatniego zresetowania